000 00765nam a2200205 a 4500
003 0
005 20250428112431.0
008 030520s19uu xx 00 eng d
050 _aPGS HQ 792.M5
_b.C957 2003
100 _aCruz, Anna Natasha T.
245 _aEffects of migration to grade school students of Southville International School /
_cAnna Natasha T. Cruz.
260 _aLas PiƱas City, Philippines :
_bSouthville International School and Colleges,
_c2003.
300 _a18 pages :
_billustrations ;
_c28 cm.
504 _aIncludes bibliographic references.
650 _aChildren of migrant families.
650 _aMigration, Internal
_vSocial aspects.
650 _aMigrant children
_vEducation.
650 _aSocial adjustment.
942 _2lcc
_cPASS
999 _c96849
_d96849